书目信息 |
| 题名: |
女性主义文学批评
|
|
| 作者: | 张翠萍 著 | |
| 分册: | ||
| 出版信息: | 成都 电子科技大学出版社 2008.06 |
|
| 页数: | 147页 | |
| 开本: | 26cm | |
| 丛书名: | ||
| 单 册: | ||
| 中图分类: | I0 | |
| 科图分类: | ||
| 主题词: | 妇女文学--fu nu wen xue--文学研究 | |
| 电子资源: | ||
| ISBN: | 978-7-81114-903-6 | |
| 000 | 00787nam0 2200241 450 | |
| 001 | 012009646132 | |
| 005 | 20090621160234.64 | |
| 010 | @a978-7-81114-903-6@dCNY20.00 | |
| 100 | @a20090621d2008 em y0chiy0120 ea | |
| 101 | 0 | @achi |
| 102 | @aCN@b510000 | |
| 105 | @ay a 000yy | |
| 106 | @ar | |
| 200 | 1 | @a女性主义文学批评@Anu xing zhu yi wen xue pi ping@f张翠萍著@Fzhang cui ping zhu |
| 210 | @a成都@c电子科技大学出版社@d2008.06 | |
| 215 | @a147页@d26cm | |
| 320 | @a有书目 | |
| 330 | @a本书主要内容包括:女性主义文学批评,女性主义文学批评概论,女性主义文学批评流派研究,从女性角度重新审视文学史等。 | |
| 606 | 0 | @a妇女文学@Afu nu wen xue@x文学研究 |
| 690 | @aI0@v4 | |
| 701 | 0 | @a张翠萍@Azhang cui ping@4著 |
| 801 | 0 | @aCN@bQSSK@c20090621 |
| 905 | @b746054-56@dI0@eZ084@f3 | |
| 女性主义文学批评/张翠萍著.-成都:电子科技大学出版社,2008.06 |
| 147页;26cm |
| ISBN 978-7-81114-903-6:CNY20.00 |
| 本书主要内容包括:女性主义文学批评,女性主义文学批评概论,女性主义文学批评流派研究,从女性角度重新审视文学史等。 |
| ● |
| 相关链接 |
|
|
|
正题名:女性主义文学批评
索取号:I0/Z084
 
预约/预借
| 序号 | 登录号 | 条形码 | 馆藏地/架位号 | 状态 | 备注 |
| 1 | 746054 | 207460549 | 文学库108/108文学库 1排1列5层/ [索取号:I0/Z084] | 在馆 | |
| 2 | 746055 | 207460558 | 文学库108/108文学库 1排2列1层/ [索取号:I0/Z084] | 在馆 | |
| 3 | 746056 | 207460567 | 文学库108/108文学库 1排1列5层/ [索取号:I0/Z084] | 在馆 |